Datum a čas kvízu

27 Celkem bodů Celkový počet nahraných bodů na tomto kvízu bez doplňovacích otázek.
12. Pořadí na kvízu Konečné umístění týmu na tomto kvízu.

Zaznamenané odpovědi

# Otázka Odpověď Body Výsledky
1. Minulý týden vydalo české vývo... Kingdom Come (Deliverance II) 1
2. Český řidič kamionu v pondělí... B) do běžkařské stopy 0
3. Jeden americký umělec obdržel... Kendrick Lamar 1
4. Vláda jednoho jihoevropského s... o Chorvatsku 0
5. Tento osmnáctiletý český rychl... Metoděj Jílek 0
6. Kterým slovem na písmeno K se... kapsid(a) 1
7. Který zvířecí přívlastek získa... prasečí 1
8. Přiřaďte viry k onemocněním, k... 1B 2A 3D 4C 1
9. Viry mají svou genetickou info... U (uracil) 1
10. V oblíbené ptačí rezervaci z n... Pandemie 0